000 00641nam a22001697a 4500
003 OSt
005 20171010095536.0
008 121030t xxu||||| |||| 00| 0 eng d
040 _aMMSU
_cULS
100 _aGarcia, Aileen S.
_913933
245 _aPerformance of Jatropha curcas L. as affected by different levels of organic fertilizer under nursery conditions
_cAileen S. Garcia
260 _c2008
300 _axii, 52 leaves
_c28 cm.
500 _aThesis (BS Forestry) -- Mariano Marcos State University-College of Agriculture, Food and Sustainable Development, Batac City
504 _aBibliography: leaves 34-35
942 _2ddc
_cTHEDIS
999 _c9845
_d9845